[Event "HUN-chT 1415"]
[Site "Hungary"]
[Date "2015.04.26"]
[Round "9.1"]
[White "Glatt, Gabor"]
[Black "Tamassy, Zoltan"]
[Result "0-1"]
[WhiteElo "2292"]
[BlackElo "2157"]
[PlyCount "124"]
[EventDate "2014.10.12"]
[EventType "team-tourn"]
[EventRounds "9"]
[EventCountry "HUN"]
[SourceTitle "EXT 2016"]
[Source "ChessBase"]
[SourceDate "2015.10.08"]
[SourceVersion "1"]
[SourceVersionDate "2015.10.08"]
[SourceQuality "1"]
[WhiteTeam "MLTC"]
[BlackTeam "Szigetszentmiklos"]
[WhiteTeamCountry "HUN"]
[BlackTeamCountry "HUN"]

1. e4 d6 2. d4 g6 3. f4 Bg7 4. Nf3 Bg4 5. c3 Nd7 6. Bc4 Bxf3 7. Qxf3 c6 8. 0-0 a5 9. a4 Rb8 10. Na3 Qc7 11. Be3 e6 12. Rae1 Nb6 13. f5 gxf5 14. exf5 e5 15. Qg3 Bf6 16. dxe5 dxe5 17. Bg5 Nd7 18. Rf2 Kf8 19. Rfe2 Re8 20. Ba2 b5 21. Kh1 Rb8 22. axb5 cxb5 23. Nc2 h6 24. Bc1 Ne7 25. Qf3 h5 26. Ne3 Nb6 27. Nf1 Qc6 28. Qxc6 Nxc6 29. Ng3 Bh4 30. Rd1 Bxg3 31. hxg3 Rc8 32. Kh2 Ke7 33. Bg5+ f6 34. Be3 Nc4 35. Bc5+ Ke8 36. b3 Nb8 37. Rd5 Nd7 38. bxc4 Nxc5 39. cxb5 Rh7 40. c4 Rg7 41. Re3 Ke7 42. Ra3 a4 43. Bb1 Rg4 44. Bd3 Rd4 45. Be2 Rxd5 46. cxd5 Kd6 47. Bxh5 Rh8 48. g4 Kxd5 49. Kg3 Kc4 50. b6 Rb8 51. Bf7+ Kb4 52. Ra1 Rxb6 53. Rb1+ Ka5 54. Rxb6 Kxb6 55. Kf3 Kb5 56. g5 fxg5 57. f6 e4+ 58. Ke3 Kc6 59. Be8+ Kd6 60. Bxa4 Nxa4 61. Kxe4 Ke6 62. f7 Nc5+ 0-1

[Event "HUN-chT 1415"]
[Site "Hungary"]
[Date "2015.02.08"]
[Round "6.1"]
[White "Tamassy, Zoltan"]
[Black "Mokcsay, Robert"]
[Result "0-1"]
[WhiteElo "2157"]
[BlackElo "2287"]
[PlyCount "104"]
[EventDate "2014.10.12"]
[EventType "team-tourn"]
[EventRounds "9"]
[EventCountry "HUN"]
[SourceTitle "EXT 2016"]
[Source "ChessBase"]
[SourceDate "2015.10.08"]
[SourceVersion "1"]
[SourceVersionDate "2015.10.08"]
[SourceQuality "1"]
[WhiteTeam "Szigetszentmiklos"]
[BlackTeam "Penzugyor"]
[WhiteTeamCountry "HUN"]
[BlackTeamCountry "HUN"]

1. d4 Nf6 2. Nf3 e6 3. Bf4 c5 4. e3 Qb6 5. Qc1 d5 6. c3 Nc6 7. Be2 Be7 8. 0-0 0-0 9. Nbd2 Bd7 10. h3 Rac8 11. Qb1 Rfd8 12. Rc1 Ne8 13. Bd3 f5 14. Ne5 Nf6 15. Ndf3 Be8 16. Bg5 h6 17. Bf4 Ne4 18. Nxc6 bxc6 19. Qc2 cxd4 20. exd4 c5 21. Be5 Bh5 22. dxc5 Nxc5 23. Nd4 Bf7 24. Rab1 Nd7 25. Re1 Nxe5 26. Rxe5 Bf6 27. f4 g5 28. Qf2 Bxe5 29. fxe5 Kg7 30. Kh1 Rf8 31. Rd1 Bg6 32. Rd2 Rce8 33. Kh2 h5 34. Qg3 Kh6 35. h4 Qd8 36. Nf3 gxh4 37. Qf4+ Kg7 38. Nxh4 Rg8 39. Be2 Bf7 40. c4 Kh7 41. cxd5 Rg4 42. Bxg4 Qxh4+ 43. Kg1 Qe1+ 44. Kh2 hxg4 45. Rf2 Kg6 46. Kg3 Rh8 47. Qd4 Qh1 48. Rd2 Qh4+ 49. Kf4 Qh2+ 50. Ke3 Qg3+ 51. Ke2 Rh1 52. Qf2 Qxe5+ 0-1

[Event "HUN-chT2 Maroczy 1314"]
[Site "Hungary"]
[Date "2014.02.02"]
[Round "6"]
[White "Pesztericz, Laszlo"]
[Black "Tamassy, Zoltan"]
[Result "1/2-1/2"]
[WhiteElo "2094"]
[BlackElo "2155"]
[PlyCount "31"]
[EventDate "2013.09.08"]
[EventType "team-tourn"]
[EventRounds "11"]
[EventCountry "HUN"]
[SourceTitle "EXT 2016"]
[Source "ChessBase"]
[SourceDate "2015.10.08"]
[SourceVersion "1"]
[SourceVersionDate "2015.10.08"]
[SourceQuality "1"]
[WhiteTeam "Budapest Vasas"]
[BlackTeam "Szigetszentmiklos"]
[WhiteTeamCountry "HUN"]
[BlackTeamCountry "HUN"]

1. e4 d6 2. d4 c6 3. c4 g6 4. Nc3 Bg7 5. Nf3 Bg4 6. Be2 Qb6 7. Na4 Qc7 8. 0-0 Nd7 9. Be3 Ngf6 10. Nc3 0-0 11. Qd2 a6 12. Rac1 Bxf3 13. Bxf3 c5 14. Nd5 Nxd5 15. cxd5 b6 16. Bg4 1/2-1/2

[Event "Budapest-chT1 Lilienthal 1112"]
[Site "Budapest"]
[Date "2012.03.04"]
[Round "9"]
[White "Valis, Janos"]
[Black "Tamassy, Zoltan"]
[Result "1/2-1/2"]
[WhiteElo "2049"]
[BlackElo "2185"]
[PlyCount "30"]
[EventDate "2011.10.02"]
[EventType "team-tourn"]
[EventRounds "11"]
[EventCountry "HUN"]
[SourceTitle "EXT 2020"]
[Source "ChessBase"]
[SourceDate "2019.10.17"]
[SourceVersion "1"]
[SourceVersionDate "2019.10.17"]
[SourceQuality "1"]
[WhiteTeam "Budapest HUSI II"]
[BlackTeam "Fabulon"]
[WhiteTeamCountry "HUN"]
[BlackTeamCountry "HUN"]

1. e4 d6 2. d4 c6 3. Nc3 g6 4. f4 Bg7 5. Be3 Qb6 6. Rb1 e5 7. Nge2 Bg4 8. Qd2 Qc7 9. h3 Bxe2 10. Bxe2 Nd7 11. fxe5 dxe5 12. d5 Ngf6 13. 0-0 0-0 14. dxc6 Qxc6 15. Bb5 Qe6 1/2-1/2

[Event "HUN-chT2 Charousek 1011"]
[Site "Hungary"]
[Date "2010.11.21"]
[Round "6.2"]
[White "Tamassy, Zoltan"]
[Black "Bodo, Norbert"]
[Result "0-1"]
[WhiteElo "2206"]
[BlackElo "2418"]
[PlyCount "130"]
[EventDate "2010.09.12"]
[EventType "team-tourn"]
[EventRounds "11"]
[EventCountry "HUN"]
[SourceTitle "EXT 2012"]
[Source "ChessBase"]
[SourceDate "2011.11.24"]
[SourceVersion "1"]
[SourceVersionDate "2011.11.24"]
[SourceQuality "1"]
[WhiteTeam "Balatonfuered"]
[BlackTeam "Aquaprofit II"]
[WhiteTeamCountry "HUN"]
[BlackTeamCountry "HUN"]

1. d4 d5 2. Nf3 Nf6 3. c3 c5 4. Bg5 Ne4 5. Bf4 cxd4 6. Bxb8 Rxb8 7. Qxd4 e6 8. e3 a6 9. Nbd2 Nf6 10. Be2 Be7 11. 0-0 0-0 12. Rfd1 b5 13. b4 Nd7 14. Nb3 Qc7 15. Rdc1 Nb6 16. Qd2 Rd8 17. Bd1 e5 18. h3 Be6 19. Na5 Rbc8 20. a4 bxa4 21. Bxa4 Nxa4 22. Rxa4 Bd7 23. Raa1 Bb5 24. Nb3 h6 25. Qb2 Qd6 26. Rd1 Qe6 27. Nbd2 Rd7 28. Rac1 Rdc7 29. e4 dxe4 30. Nxe4 f5 31. Ned2 Bf6 32. Nb3 Ba4 33. Nfd2 e4 34. Qa3 Bxb3 35. Qxb3 Qxb3 36. Nxb3 Rxc3 37. Rb1 R3c4 38. Nd2 Rd4 39. Nf1 Rxd1 40. Rxd1 Rb8 41. Rd6 Rxb4 42. Rxa6 Rb1 43. g3 Bd4 44. Ra2 Kf7 45. Kg2 Ke6 46. h4 Kd5 47. Rd2 Ke5 48. Ra2 Rb2 49. Rxb2 Bxb2 50. Nh2 Bc1 51. Kf1 f4 52. Ke2 h5 53. Nf1 f3+ 54. Ke1 Kd4 55. Nh2 Kd3 56. Nf1 Bh6 57. Nh2 Bd2+ 58. Kd1 Bc3 59. Nf1 Bb4 60. Nh2 e3 61. fxe3 Kxe3 62. g4 Bd6 63. Nf1+ Kf2 64. Nd2 hxg4 65. Ne4+ Kg2 0-1

[Event "HUN-chT2 Charousek 1011"]
[Site "Hungary"]
[Date "2010.11.07"]
[Round "5"]
[White "Bokros, Albert"]
[Black "Tamassy, Zoltan"]
[Result "1-0"]
[WhiteElo "2501"]
[BlackElo "2206"]
[PlyCount "79"]
[EventDate "2010.09.12"]
[EventType "team-tourn"]
[EventRounds "11"]
[EventCountry "HUN"]
[SourceTitle "EXT 2012"]
[Source "ChessBase"]
[SourceDate "2011.11.24"]
[SourceVersion "1"]
[SourceVersionDate "2011.11.24"]
[SourceQuality "1"]
[WhiteTeam "Tatai Honved"]
[BlackTeam "Balatonfuered"]
[WhiteTeamCountry "HUN"]
[BlackTeamCountry "HUN"]

1. e4 d6 2. d4 g6 3. c4 Bg7 4. Nc3 c6 5. Be3 a6 6. Qd2 b5 7. f3 h5 8. Bd3 e5 9. Nge2 Bb7 10. 0-0 Nd7 11. d5 b4 12. dxc6 Bxc6 13. Nd5 a5 14. Bc2 Qb8 15. Rfd1 Ne7 16. a3 Bxd5 17. cxd5 b3 18. Bd3 a4 19. Nc3 0-0 20. Bb5 Nb6 21. Qf2 Nec8 22. Rac1 Ra5 23. Qe2 Kh7 24. Bc6 Bh6 25. Bxh6 Kxh6 26. Nb5 Kg7 27. Qd2 Ra6 28. f4 exf4 29. Qxf4 Ra5 30. Rf1 Kg8 31. Kh1 Rxb5 32. Bxb5 Nxd5 33. exd5 Qxb5 34. Rxc8 Rxc8 35. Qxf7+ Kh8 36. Re1 Qd3 37. Qf6+ Kh7 38. Re7+ Kh6 39. Qf4+ g5 40. Re6+ 1-0

[Event "HUN-chT2 Charousek 1011"]
[Site "Hungary"]
[Date "2010.10.10"]
[Round "3"]
[White "Lizak, Peter"]
[Black "Tamassy, Zoltan"]
[Result "1-0"]
[WhiteElo "2377"]
[BlackElo "2206"]
[PlyCount "45"]
[EventDate "2010.09.12"]
[EventType "team-tourn"]
[EventRounds "11"]
[EventCountry "HUN"]
[SourceTitle "EXT 2012"]
[Source "ChessBase"]
[SourceDate "2011.11.24"]
[SourceVersion "1"]
[SourceVersionDate "2011.11.24"]
[SourceQuality "1"]
[WhiteTeam "Paks II"]
[BlackTeam "Balatonfuered"]
[WhiteTeamCountry "HUN"]
[BlackTeamCountry "HUN"]

1. c4 d6 2. Nc3 g6 3. g3 Bg7 4. Bg2 Nf6 5. Nf3 e5 6. 0-0 0-0 7. d3 Re8 8. Bg5 h6 9. Bxf6 Bxf6 10. Rb1 a5 11. a3 c6 12. b4 axb4 13. axb4 Bg7 14. Nd2 f5 15. Qb3 Be6 16. b5 Ra7 17. Ra1 Ra5 18. bxc6 bxc6 19. Qb4 Rxa1 20. Rxa1 Qc7 21. Ra8 Kh7 22. Nb3 Na6 23. Rxa6 1-0

[Event "HUN-chT2 Charousek 0910"]
[Site "Hungary"]
[Date "2010.03.05"]
[Round "5"]
[White "Tamassy, Zoltan"]
[Black "Gergacz, Balazs"]
[Result "1-0"]
[WhiteElo "2238"]
[BlackElo "2023"]
[PlyCount "69"]
[EventDate "2009.11.08"]
[EventType "team-tourn"]
[EventRounds "11"]
[EventCountry "HUN"]
[SourceTitle "EXT 2011"]
[Source "ChessBase"]
[SourceDate "2010.11.26"]
[SourceVersion "1"]
[SourceVersionDate "2010.11.26"]
[SourceQuality "1"]
[WhiteTeam "Hobagoly"]
[BlackTeam "Sarvar"]
[WhiteTeamCountry "HUN"]
[BlackTeamCountry "HUN"]

1. d4 d5 2. Nf3 Nf6 3. Bg5 Ne4 4. Bf4 c5 5. c3 cxd4 6. cxd4 Nc6 7. e3 Qa5+ 8. Nbd2 Bg4 9. a3 g5 10. b4 Qd8 11. Bg3 Bg7 12. Bb5 0-0 13. Bxc6 bxc6 14. Qc2 Nxd2 15. Nxd2 a5 16. 0-0 axb4 17. axb4 Be2 18. Rfc1 Bb5 19. h4 g4 20. Nb3 Qd7 21. Nc5 Qc8 22. Rxa8 Qxa8 23. Nd7 Rd8 24. Nc5 Re8 25. Be5 f6 26. Bg3 e5 27. Qc3 Qc8 28. Ra1 h5 29. Qc2 f5 30. dxe5 Bxe5 31. Bxe5 Rxe5 32. Qc3 Qe8 33. Ra7 Re7 34. Qa1 g3 35. Ra8 1-0

[Event "HUN-chT2 Charousek 0910"]
[Site "Hungary"]
[Date "2009.11.22"]
[Round "2"]
[White "Szabo, Bence"]
[Black "Tamassy, Zoltan"]
[Result "1-0"]
[WhiteElo "2255"]
[BlackElo "2238"]
[PlyCount "57"]
[EventDate "2009.11.08"]
[EventType "team-tourn"]
[EventRounds "11"]
[EventCountry "HUN"]
[SourceTitle "EXT 2011"]
[Source "ChessBase"]
[SourceDate "2010.11.26"]
[SourceVersion "1"]
[SourceVersionDate "2010.11.26"]
[SourceQuality "1"]
[WhiteTeam "Paks II"]
[BlackTeam "Hobagoly"]
[WhiteTeamCountry "HUN"]
[BlackTeamCountry "HUN"]

1. d4 d5 2. c4 c6 3. Nf3 Nf6 4. Nbd2 Bf5 5. Nh4 Bg6 6. Qb3 Qb6 7. Qh3 Na6 8. Nxg6 fxg6 9. c5 Qa5 10. a3 Ne4 11. Qb3 Nxd2 12. Bxd2 Qc7 13. e3 Nb8 14. f4 e6 15. Be2 b6 16. cxb6 axb6 17. 0-0 Bd6 18. Bg4 Kf7 19. Rac1 c5 20. dxc5 bxc5 21. e4 c4 22. Qf3 Qb7 23. exd5 Bc5+ 24. Kh1 Qxd5 25. Qe2 Rd8 26. Bc3 Nc6 27. Rfd1 Nd4 28. Bxd4 Bxd4 29. Bf3 1-0

[Event "HUN-chT2 Charousek 0809"]
[Site "Hungary"]
[Date "2009.04.19"]
[Round "11"]
[White "Krutti, Valer"]
[Black "Tamassy, Zoltan"]
[Result "1-0"]
[WhiteElo "2383"]
[BlackElo "2246"]
[PlyCount "111"]
[EventDate "2008.10.26"]
[EventType "team-tourn"]
[EventRounds "11"]
[EventCountry "HUN"]
[SourceTitle "EXT 2010"]
[Source "ChessBase"]
[SourceDate "2010.11.25"]
[SourceVersion "1"]
[SourceVersionDate "2010.11.25"]
[SourceQuality "1"]
[WhiteTeam "Aquaprofit II"]
[BlackTeam "Hobagoly"]
[WhiteTeamCountry "HUN"]
[BlackTeamCountry "HUN"]

1. d4 d6 2. c4 c6 3. Nc3 g6 4. e4 Bg7 5. Be3 a6 6. a4 a5 7. f3 Na6 8. Qd2 Nb4 9. Nge2 b6 10. Rc1 c5 11. d5 Qc7 12. Nb5 Qb8 13. Nec3 Bd7 14. Be2 h5 15. 0-0 Bxb5 16. Nxb5 Nf6 17. Rfe1 0-0 18. Bg5 Kh7 19. Bf1 Na6 20. Rcd1 Nc7 21. Nc3 e5 22. g3 Qc8 23. f4 Ng8 24. f5 Bh6 25. h4 Qe8 26. Bh3 f6 27. fxg6+ Kxg6 28. Bf5+ Kg7 29. Be3 Bxe3+ 30. Rxe3 Nh6 31. Rf1 Rh8 32. Ref3 Qe7 33. Nd1 Rag8 34. Ne3 Kf8 35. Kh2 Ne8 36. Qd1 Rg7 37. Qb3 Qd8 38. Be6 Rg6 39. Qb5 Ke7 40. Nf5+ Nxf5 41. Bxf5 Rg7 42. Rb3 Rhg8 43. Rff3 Kf8 44. Qxb6 Qa8 45. Be6 Rh8 46. Rb5 Ra7 47. Rfb3 Rhh7 48. Bf5 Rhg7 49. Qb8 Qxb8 50. Rxb8 Ke7 51. Rc8 Rc7 52. Ra8 Kf8 53. Rbb8 Rge7 54. Bg6 Rb7 55. Bxh5 Kg7 56. Bxe8 1-0

[Event "HUN-chT2 Charousek 0809"]
[Site "Hungary"]
[Date "2009.04.05"]
[Round "10"]
[White "Tamassy, Zoltan"]
[Black "Szelenyi, Norbert"]
[Result "0-1"]
[WhiteElo "2246"]
[BlackElo "2394"]
[PlyCount "140"]
[EventDate "2008.10.26"]
[EventType "team-tourn"]
[EventRounds "11"]
[EventCountry "HUN"]
[SourceTitle "EXT 2010"]
[Source "ChessBase"]
[SourceDate "2010.11.25"]
[SourceVersion "1"]
[SourceVersionDate "2010.11.25"]
[SourceQuality "1"]
[WhiteTeam "Hobagoly"]
[BlackTeam "Tapolca"]
[WhiteTeamCountry "HUN"]
[BlackTeamCountry "HUN"]

1. d4 e6 2. Nf3 Nf6 3. Bg5 c5 4. Bxf6 Qxf6 5. e3 cxd4 6. exd4 d6 7. c3 Qd8 8. Nbd2 Be7 9. Bb5+ Nd7 10. 0-0 0-0 11. Re1 Nf6 12. Bd3 Bd7 13. Ne4 Qc7 14. Rc1 b5 15. Qe2 Qb7 16. Nxf6+ Bxf6 17. Be4 Bc6 18. Bxc6 Qxc6 19. Qd3 Qd5 20. b3 Rfc8 21. c4 bxc4 22. bxc4 Qa5 23. Rc2 Rc7 24. h3 Rac8 25. Rb1 g6 26. g3 Qa6 27. Rb4 d5 28. Nd2 Bg5 29. f4 Be7 30. Rb1 dxc4 31. Qe2 Bf6 32. Kh2 Qa4 33. Ne4 Bxd4 34. Nd6 Rd8 35. Rxc4 Qa6 36. Nb5 Rxc4 37. Qxc4 Bb6 38. Rb2 Qb7 39. Qe2 Qd5 40. Qg2 Qc4 41. h4 h5 42. Qf3 Qc1 43. Qg2 Rd1 44. Rc2 Qe3 45. Rc3 Qd2 46. Rc8+ Kg7 47. Rc2 Qd7 48. Nc3 Rg1 49. Qf3 Qc7 50. Rg2 Rxg2+ 51. Kxg2 Qc4 52. Kh3 Ba5 53. Ne4 Qxa2 54. Ng5 Qb1 55. Kg2 Qc2+ 56. Kh3 Qf5+ 57. Kh2 Bd8 58. Ne4 Bf6 59. Nd6 Qc2+ 60. Kh3 Be7 61. Ne8+ Kh7 62. Qb7 Qf5+ 63. Kh2 Bc5 64. Qb2 e5 65. Qc3 Bd4 66. Qc7 exf4 67. gxf4 Be3 68. Qe7 Bxf4+ 69. Kg1 Qg4+ 70. Kf2 Bg3+ 0-1

[Event "HUN-chT2 Charousek 0809"]
[Site "Hungary"]
[Date "2009.03.08"]
[Round "9"]
[White "Dobos, Jozsef"]
[Black "Tamassy, Zoltan"]
[Result "1/2-1/2"]
[WhiteElo "2308"]
[BlackElo "2246"]
[PlyCount "35"]
[EventDate "2008.10.26"]
[EventType "team-tourn"]
[EventRounds "11"]
[EventCountry "HUN"]
[SourceTitle "EXT 2010"]
[Source "ChessBase"]
[SourceDate "2010.11.25"]
[SourceVersion "1"]
[SourceVersionDate "2010.11.25"]
[SourceQuality "1"]
[WhiteTeam "Csuti II"]
[BlackTeam "Hobagoly"]
[WhiteTeamCountry "HUN"]
[BlackTeamCountry "HUN"]

1. d4 d6 2. e4 g6 3. Nc3 Bg7 4. Be3 c6 5. Qd2 b5 6. Bd3 e5 7. dxe5 dxe5 8. Nge2 Nd7 9. 0-0 Ngf6 10. f3 0-0 11. a4 b4 12. Nd1 a5 13. b3 Qe7 14. Nb2 Nc5 15. Bc4 Rd8 16. Qe1 Be6 17. Qf2 Nfd7 18. Rad1 1/2-1/2

[Event "HUN-chT2 Charousek 0809"]
[Site "Hungary"]
[Date "2009.02.22"]
[Round "8"]
[White "Tamassy, Zoltan"]
[Black "Czebe, Attila"]
[Result "0-1"]
[WhiteElo "2246"]
[BlackElo "2468"]
[PlyCount "96"]
[EventDate "2008.10.26"]
[EventType "team-tourn"]
[EventRounds "11"]
[EventCountry "HUN"]
[SourceTitle "EXT 2010"]
[Source "ChessBase"]
[SourceDate "2010.11.25"]
[SourceVersion "1"]
[SourceVersionDate "2010.11.25"]
[SourceQuality "1"]
[WhiteTeam "Hobagoly"]
[BlackTeam "Honved"]
[WhiteTeamCountry "HUN"]
[BlackTeamCountry "HUN"]

1. d4 d6 2. Nf3 g6 3. c3 Bg7 4. Bg5 h6 5. Bh4 Nf6 6. Bxf6 Bxf6 7. Nbd2 Bg7 8. e3 0-0 9. Qb3 c5 10. Bd3 Nc6 11. 0-0 Qc7 12. h3 e5 13. dxe5 dxe5 14. e4 Na5 15. Qc2 c4 16. Be2 Be6 17. b4 cxb3 18. axb3 Rac8 19. Qb2 a6 20. Qa3 Nc6 21. Bc4 Bxc4 22. Nxc4 Na7 23. Qa5 Qxa5 24. Rxa5 Nb5 25. Rc1 Rfd8 26. Ne1 h5 27. Kf1 Bh6 28. Rc2 Rd1 29. Nxe5 Nd4 30. Rca2 Rxc3 31. Ra1 Bc1 32. Rb1 Nxb3 33. Ra2 Nd2+ 34. Rxd2 Rxd2 35. Rxb7 Rb2 36. Rd7 a5 37. Ra7 Rxf2+ 38. Kg1 Be3 39. Ra8+ Kg7 40. N1d3 Rd2+ 41. Kf1 Rb3 42. Rc8 Rb1+ 43. Rc1 Rxc1+ 44. Nxc1 Rd1+ 45. Ke2 Rxc1 46. Kxe3 a4 47. Kd2 Rc7 48. Nd3 a3 0-1

[Event "HUN-chT2 Charousek 0809"]
[Site "Hungary"]
[Date "2008.12.21"]
[Round "4"]
[White "Ruck, Tamas"]
[Black "Tamassy, Zoltan"]
[Result "1/2-1/2"]
[WhiteElo "2328"]
[BlackElo "2246"]
[PlyCount "63"]
[EventDate "2008.10.26"]
[EventType "team-tourn"]
[EventRounds "11"]
[EventCountry "HUN"]
[SourceTitle "EXT 2010"]
[Source "ChessBase"]
[SourceDate "2010.11.25"]
[SourceVersion "1"]
[SourceVersionDate "2010.11.25"]
[SourceQuality "1"]
[WhiteTeam "Haladas II"]
[BlackTeam "Hobagoly"]
[WhiteTeamCountry "HUN"]
[BlackTeamCountry "HUN"]

1. e4 d5 2. exd5 Qxd5 3. Nc3 Qd8 4. d4 Nf6 5. Bc4 c6 6. Nf3 Bf5 7. Bb3 e6 8. Ne5 Bd6 9. Qf3 Bxe5 10. dxe5 Ng4 11. Qg3 Qa5 12. 0-0 Nd7 13. f4 g5 14. fxg5 Ngxe5 15. Bf4 0-0-0 16. Rae1 Ng6 17. Be3 Nc5 18. Qf2 b6 19. h3 Ne7 20. Bxc5 bxc5 21. Re5 Nd5 22. Bxd5 cxd5 23. Nxd5 Kb8 24. Qg3 Ka8 25. Qf3 Kb8 26. Ne7 Qc7 27. Nc6+ Kc8 28. Rxc5 Qb6 29. Qe3 Rd6 30. Nd4+ Qxc5 31. Nxf5 Qxe3+ 32. Nxe3 1/2-1/2

[Event "HUN-chT2 Charousek 0809"]
[Site "Hungary"]
[Date "2008.10.26"]
[Round "1"]
[White "Tamassy, Zoltan"]
[Black "Ravasz, Laszlo Jr"]
[Result "0-1"]
[WhiteElo "2246"]
[BlackElo "2210"]
[PlyCount "74"]
[EventDate "2008.10.26"]
[EventType "team-tourn"]
[EventRounds "11"]
[EventCountry "HUN"]
[SourceTitle "EXT 2010"]
[Source "ChessBase"]
[SourceDate "2010.11.25"]
[SourceVersion "1"]
[SourceVersionDate "2010.11.25"]
[SourceQuality "1"]
[WhiteTeam "Hobagoly"]
[BlackTeam "Barcza"]
[WhiteTeamCountry "HUN"]
[BlackTeamCountry "HUN"]

1. d4 e6 2. e4 b6 3. Nf3 Bb7 4. Bd3 c5 5. c3 Be7 6. 0-0 d6 7. Re1 Nd7 8. Nbd2 g5 9. h3 h5 10. Nh2 Ngf6 11. Bb5 a6 12. Ba4 Qc7 13. Bxd7+ Qxd7 14. Qe2 Qc7 15. e5 Nd5 16. Ndf3 g4 17. hxg4 hxg4 18. Nxg4 0-0-0 19. Nfh2 dxe5 20. dxe5 c4 21. Be3 f5 22. exf6 Bd6 23. Nf1 Rdg8 24. Rad1 Nxf6 25. Rxd6 Rxg4 26. f3 Qh7 27. Bh6 Qxh6 28. Qxe6+ Kb8 29. Ne3 Qh2+ 30. Kf2 Rf4 31. Qe7 Ne4+ 32. Ke2 Nxd6 33. Qxd6+ Ka7 34. Kd1 Qh6 35. Qe5 Rd8+ 36. Ke2 Bxf3+ 37. Kf2 Bxg2+ 0-1

[Event "HUN-chT2 Erkel 0607"]
[Site "Hungary"]
[Date "2007.03.18"]
[Round "8"]
[White "Valis, Janos"]
[Black "Tamassy, Zoltan"]
[Result "0-1"]
[WhiteElo "2150"]
[BlackElo "2252"]
[PlyCount "54"]
[EventDate "2006.11.12"]
[EventType "team"]
[EventRounds "11"]
[EventCountry "HUN"]
[SourceTitle "EXT 2008"]
[Source "ChessBase"]
[SourceDate "2007.11.25"]
[SourceVersion "1"]
[SourceVersionDate "2007.11.25"]
[SourceQuality "1"]
[WhiteTeam "Heesi II"]
[BlackTeam "Hobagoly"]
[WhiteTeamCountry "HUN"]
[BlackTeamCountry "HUN"]

1. e4 d6 2. d4 c6 3. Nc3 g6 4. Be3 Bg7 5. Be2 Qb6 6. Rb1 a6 7. Qd2 Qc7 8. f4 b5 9. Nf3 Bb7 10. 0-0 Nd7 11. e5 Rd8 12. Bd3 c5 13. Ng5 h6 14. Nxf7 Kxf7 15. Bxg6+ Kxg6 16. Qd3+ Kf7 17. Qf5+ Ngf6 18. e6+ Kg8 19. d5 b4 20. Rf3 bxc3 21. Rg3 Nf8 22. Qh3 Bxd5 23. f5 Bxa2 24. Bxh6 Rh7 25. Bxg7 Rxh3 26. Rxh3 Kxg7 27. Rg3+ Kh8 0-1

[Event "HUN-chT2 Erkel 0607"]
[Site "Hungary"]
[Date "2006.12.17"]
[Round "4"]
[White "Bauer, Peter2222"]
[Black "Tamassy, Zoltan"]
[Result "1/2-1/2"]
[WhiteElo "2163"]
[BlackElo "2252"]
[PlyCount "84"]
[EventDate "2006.11.12"]
[EventType "team"]
[EventRounds "11"]
[EventCountry "HUN"]
[SourceTitle "EXT 2008"]
[Source "ChessBase"]
[SourceDate "2007.11.25"]
[SourceVersion "1"]
[SourceVersionDate "2007.11.25"]
[SourceQuality "1"]
[WhiteTeam "Vaci"]
[BlackTeam "Hobagoly"]
[WhiteTeamCountry "HUN"]
[BlackTeamCountry "HUN"]

1. c4 e5 2. Nc3 Nc6 3. g3 g6 4. Bg2 Bg7 5. d3 Nf6 6. e4 0-0 7. Nge2 d6 8. h3 a6 9. 0-0 b6 10. Kh2 Bb7 11. Be3 h5 12. f4 exf4 13. gxf4 Nh7 14. d4 Ne7 15. d5 f5 16. Nd4 Bc8 17. Qd3 Bxd4 18. Bxd4 fxe4 19. Bxe4 Bf5 20. Rg1 Qd7 21. Rae1 Kf7 22. Bxf5 Qxf5 23. Qe3 Rae8 24. Qe6+ Qxe6 25. dxe6+ Kg8 26. Nd5 g5 27. Re4 c5 28. Bc3 Nxd5 29. cxd5 Rf5 30. fxg5 Rxd5 31. h4 Nf8 32. Rf1 Ng6 33. Rf6 Ne5 34. Kg2 b5 35. a3 Re7 36. Ref4 Re8 37. Rh6 Rd3 38. Rff6 Re3 39. Rxh5 d5 40. Rfh6 Kg7 41. Rh7+ Kg6 42. R7h6+ Kg7 1/2-1/2

[Event "HUN-chT 0506"]
[Site "Hungary"]
[Date "2006.03.19"]
[Round "9"]
[White "Molnar, Bela"]
[Black "Tamassy, Zoltan"]
[Result "1-0"]
[WhiteElo "2332"]
[BlackElo "2252"]
[PlyCount "71"]
[EventDate "2005.10.16"]
[EventType "team"]
[EventRounds "11"]
[EventCountry "HUN"]
[SourceTitle "EXT 2007"]
[Source "ChessBase"]
[SourceDate "2006.11.23"]
[SourceVersion "1"]
[SourceVersionDate "2006.11.23"]
[SourceQuality "1"]

1. e4 d5 2. exd5 Qxd5 3. Nc3 Qd8 4. d4 c6 5. Nf3 Bg4 6. h3 Bxf3 7. Qxf3 Qxd4 8. Be3 Qb4 9. 0-0-0 Nf6 10. Nb5 Na6 11. Nd4 Nb8 12. a3 Qa5 13. Bc4 Nbd7 14. Nxc6 bxc6 15. Qxc6 Qd8 16. Ba6 e6 17. Rxd7 Nxd7 18. Rd1 Rb8 19. Bxa7 Be7 20. Bxb8 Qxb8 21. Qxd7+ Kf8 22. g3 g6 23. Qd4 e5 24. Qc3 Kg7 25. Rd7 Bg5+ 26. Kb1 Qe8 27. Qc7 Rf8 28. Bc4 e4 29. a4 h5 30. h4 Bf6 31. a5 Bd8 32. Qb7 Bxa5 33. Re7 Qd8 34. Bxf7 Qb6 35. Bb3+ Kf6 36. Re6+ 1-0

[Event "HUN-chT 0506"]
[Site "Hungary"]
[Date "2005.11.27"]
[Round "4"]
[White "Tamassy, Zoltan"]
[Black "Glatt, Gabor"]
[Result "1/2-1/2"]
[WhiteElo "2252"]
[BlackElo "2283"]
[PlyCount "43"]
[EventDate "2005.10.16"]
[EventType "team"]
[EventRounds "11"]
[EventCountry "HUN"]
[SourceTitle "EXT 2007"]
[Source "ChessBase"]
[SourceDate "2006.11.23"]
[SourceVersion "1"]
[SourceVersionDate "2006.11.23"]
[SourceQuality "1"]

1. d4 Nf6 2. c3 g6 3. Bg5 Bg7 4. Nf3 d6 5. Nbd2 Nbd7 6. Qc2 c5 7. dxc5 Nxc5 8. Bxf6 Bxf6 9. Ne4 Nxe4 10. Qxe4 Qb6 11. Qc2 Bd7 12. e3 0-0 13. Be2 Rfc8 14. 0-0 Qa5 15. Qd2 b5 16. a3 Qb6 17. Nd4 Rab8 18. Nc2 a5 19. Rac1 Rc5 20. Bf3 Be6 21. Nd4 Bd7 22. Nc2 1/2-1/2

[Event "HUN-chT 0506"]
[Site "Hungary"]
[Date "2005.10.30"]
[Round "2"]
[White "Tamassy, Zoltan"]
[Black "Feher, Tamas"]
[Result "1/2-1/2"]
[WhiteElo "2252"]
[BlackElo "2273"]
[PlyCount "41"]
[EventDate "2005.10.16"]
[EventType "team"]
[EventRounds "11"]
[EventCountry "HUN"]
[SourceTitle "EXT 2007"]
[Source "ChessBase"]
[SourceDate "2006.11.23"]
[SourceVersion "1"]
[SourceVersionDate "2006.11.23"]
[SourceQuality "1"]

1. d4 d5 2. c3 Nf6 3. Nf3 c6 4. Bg5 Ne4 5. Bf4 Qb6 6. Qb3 Bf5 7. Nbd2 Nd7 8. e3 e6 9. Be2 Ndf6 10. Nxe4 Nxe4 11. h3 Bd6 12. g4 Bg6 13. Bxd6 Nxd6 14. Ne5 f6 15. Nxg6 hxg6 16. Bd3 f5 17. Ke2 Qxb3 18. axb3 Kf7 19. f4 a6 20. Kf3 Rh4 21. Kg3 1/2-1/2